Les precieuses ridicules: comedie

Đã lưu trong:
Chi tiết về thư mục
Tác giả chính: Molière, Jean-Baptiste (autor)
Định dạng: Sách
Ngôn ngữ:Tiếng Pháp
Được phát hành: París Hachette 1935
Loạt:Classiques Illustres Vaubourdolle
Những chủ đề:
Các nhãn: Thêm thẻ
Không có thẻ, Là người đầu tiên thẻ bản ghi này!

MARC

LEADER 00000nam a2200000 a 4500
001 UCY9818
003 CL-VaPUC
008 950720e19350000FR |||||||||||||||||fre|d
082 0 4 |a 842  |b MOL  |2 21 
100 |a Molière, Jean-Baptiste  |e autor  |9 339603 
245 1 4 |a Les precieuses ridicules: comedie 
300 |a 52 p 
942 |c BK 
945 |d 19950720 00:00:00  |a rbrito 
260 |a París  |b Hachette  |c 1935 
650 0 |a Drama francés  |9 313202 
583 |a last modification  |c 19950720 00:00:00  |k Rodrigo Vera 
490 0 |a Classiques Illustres Vaubourdolle 
999 |c 236853  |d 236851 
952 |0 0  |1 0  |4 0  |6 842_000000000000000_MOL_1935  |7 0  |8 A  |9 245198  |a BIBEDU  |b BIBEDU  |d 2019-11-18  |i 3102173  |o 842 MOL 1935  |p 3102173  |r 2019-11-18  |w 2019-11-18  |y BK  |k LIT